000 01724nam a2200397 a 4500
001 ebr10485537
003 CaPaEBR
006 m u
007 cr cn|||||||||
008 101209s2011 azuab sb 001 0 eng d
010 _z 2010049630
020 _z9780816528837 (hardcover : alk. paper)
020 _z9780816504787 (e-book)
040 _aCaPaEBR
_cCaPaEBR
035 _a(OCoLC)747413920
043 _an-us-or
050 1 4 _aHD211.O7
_bW35 2011eb
082 0 4 _a333.73/1309795
_222
100 1 _aWalker, Peter A.
245 1 0 _aPlanning paradise
_h[electronic resource] :
_bpolitics and visioning of land use in Oregon /
_cPeter A. Walker, Patrick T. Hurley.
260 _aTuscon :
_bUniversity of Arizona Press,
_cc2011.
300 _axii, 287 p. :
_bill., maps.
490 1 _aSociety, environment, and place
504 _aIncludes bibliographical references (p. [255]-282) and index.
505 0 _aIntroduction -- Planning for growth -- A star is born -- Falling star -- "What were people thinking?" -- Metro visions -- Central destinations -- Southern discomforts -- Paradise lost?
533 _aElectronic reproduction.
_bPalo Alto, Calif. :
_cebrary,
_d2013.
_nAvailable via World Wide Web.
_nAccess may be limited to ebrary affiliated libraries.
650 0 _aLand use
_zOregon.
650 0 _aLand use
_xPlanning.
650 0 _aCities and towns
_xGrowth.
650 0 _aSustainable development
_zOregon.
655 7 _aElectronic books.
_2local
700 1 _aHurley, Patrick T.
710 2 _aebrary, Inc.
830 0 _aSociety, environment, and place.
856 4 0 _uhttp://site.ebrary.com/lib/rucke/Doc?id=10485537
_zAn electronic book accessible through the World Wide Web; click to view
999 _c224109
_d224109